000 00293nam a2200121Ia 4500
005 20251222144912.0
008 251222s9999||||xx |||||||||||||| ||spa||
020 _a9972-618-75-7
082 _a370.85/V57
245 0 _aUna Mirada a la Educación en el Perú:
264 _bTarea
942 _cLIB
999 _c22370
_d22370